Countries: After X and Z Quiz Stats

 Plays Quiz Updated Jul 2, 2018

Challenge
Share
Tweet
Embed
Score 0/8 Timer 02:00
3 Plays Today
Letter Combination Name of Country % Correct
ZAKazakhstan, Mozambique, Zambia, Tanzania
96.2%
ZIBrazil, Zimbabwe
92.1%
ZEBosnia and Herzegovina, Belize, Azerbaijan, Switzerland, Czechia, New Zealand
87.9%
XIMexico
71.3%
XELuxembourg
53.9%
ZSKyrgyzstan
51.6%
ZBUzbekistan
50.8%
ZUVenezuela
29.1%

You're not logged in!

Compare scores with friends on all Sporcle quizzes.
Join for Free
OR
Log In

You Might Also Like...

Show Comments

Extras

Top Quizzes Today


Score Distribution

Your Account Isn't Verified!

In order to create a playlist on Sporcle, you need to verify the email address you used during registration. Go to your Sporcle Settings to finish the process.

Report this User

Report this user for behavior that violates our Community Guidelines.

Details: